Les constructeurs automobiles français - Difficile - Statistiques

Statistiques générales
  • Ce quiz a été pris 154 fois
  • Le résultat moyen est 8 sur 44
Statistiques - réponses
Actit/Disparu Indice Constructeur % Correct
A C CITROEN
92%
A P PEUGEOT
92%
A R RENAULT
91%
A B BUGATTI
68%
D A ALPINE
63%
D T TALBOT
41%
D S SIMCA
38%
D M MATRA
29%
D P PANHARD
27%
A V VENTURI
24%
D V VENTURI
24%
D F V FACEL VEGA
20%
A L LIGIER
20%
D D DELAHAYE
18%
D DD-B DE DION-BOUTON
17%
D D DELAGE
15%
A A AIXAM
14%
A P PGO
10%
D C et W CHENARD ET WALCKER
9%
D B BERLIET
8%
D A AMILCAR
7%
D DB DB
5%
D M MATHIS
5%
D H HOMMELL
4%
D L D LORRAINE-DIETRICH
4%
D R ROSENGART
3%
D S SALMSON
3%
D V VOISIN
3%
D A ARIES
2%
D L LICORNE
2%
D M MATFORD
2%
A M MEGA
2%
D R-S ROCHET-SCHNEIDER
2%
D C et D COTTIN ET DESGOUTTES
1%
D R B RENE BONNET
1%
D A ACMA
0%
D B BENJAMIN
0%
D D-B DELAUNAY-BELLEVILLE
0%
D D DELFOSSE
0%
D D DERBY
0%
A M MDI
0%
D M MORS
0%
D S SANDFORD
0%
D V VELAM
0%
Aucun quiz correspondant
Distribution des résultats
% des personnes avec chaque résultat
Percentile par nombre de réponses
Votre historique - résultats
Vous n’avez pas pris ce quiz